Mockingbird / (Record no. 6228)

MARC details
000 -LEADER
fixed length control field 00932nam a22002897a 4500
001 - CONTROL NUMBER
control field 6228
003 - CONTROL NUMBER IDENTIFIER
control field FISKH
005 - DATE AND TIME OF LATEST TRANSACTION
control field 20260330083340.0
008 - FIXED-LENGTH DATA ELEMENTS--GENERAL INFORMATION
fixed length control field 250403b cb ||||| |||| 00| 0 eng d
020 ## - INTERNATIONAL STANDARD BOOK NUMBER
International Standard Book Number 9780545307253
040 ## - CATALOGING SOURCE
Original cataloging agency FISKH
Language of cataloging eng
Transcribing agency FISKH
Modifying agency FISKH
050 ## - LIBRARY OF CONGRESS CALL NUMBER
Classification number PZ7.E7388 M
082 ## - DEWEY DECIMAL CLASSIFICATION NUMBER
Classification number 813.54
100 ## - MAIN ENTRY--PERSONAL NAME
Personal name Erskine, Kathryn
245 ## - TITLE STATEMENT
Title Mockingbird /
Statement of responsibility, etc. Kathryn Erskine
250 ## - EDITION STATEMENT
Edition statement This edition first published in 2011
260 ## - PUBLICATION, DISTRIBUTION, ETC.
Place of publication, distribution, etc. New York :
Name of publisher, distributor, etc. Scholastic,
Date of publication, distribution, etc. 2010.
300 ## - PHYSICAL DESCRIPTION
Extent 235 pages :
Dimensions 20 cm
505 ## - FORMATTED CONTENTS NOTE
Formatted contents note P<br/>
520 ## - SUMMARY, ETC.
Summary, etc. Ten-year-old Caitlin, who has Asperger's Syndrome, struggles to understand emotions, show empathy, and make friends at school, while at home she seeks closure by working on a project with her father.<br/>
521 8# - TARGET AUDIENCE NOTE
Target audience note 630<br/>
Source Lexile<br/>
521 8# - TARGET AUDIENCE NOTE
Target audience note P<br/>
Source Raz-Plus<br/>
650 ## - SUBJECT ADDED ENTRY--TOPICAL TERM
Source of heading or term Autism
Topical term or geographic name entry element Empathy
650 ## - SUBJECT ADDED ENTRY--TOPICAL TERM
Source of heading or term Disability
Topical term or geographic name entry element Disabilities
942 ## - ADDED ENTRY ELEMENTS (KOHA)
Source of classification or shelving scheme Dewey Decimal Classification
Koha item type Books
Suppress in OPAC No
Holdings
Withdrawn status Lost status Source of classification or shelving scheme Damaged status Not for loan Collection Home library Current library Shelving location Date acquired Total Checkouts Full call number Barcode Date last seen Copy number Price effective from Koha item type Date last checked out
    Dewey Decimal Classification     Juvenile Fiction Footprints International School Library Network Toul Tom Poung Campus Footprints International School Library Network Toul Tom Poung Campus TTP Primary Yellow Bookshelves 04/03/2025   ERS 813.54 PZ7.E7388 M 2025-0944 04/03/2025 1 04/03/2025 Books  
    Dewey Decimal Classification     Juvenile Fiction Footprints International School Library Network Toul Tom Poung Campus Footprints International School Library Network Toul Tom Poung Campus TTP Primary Yellow Bookshelves 08/21/2025 1 ERS 813.54 PZ7.E7388 M FISSE01084 03/27/2026 2 08/21/2025 Books 11/28/2025